000 01259nam a2200337Ia 4500
003 OSt
005 20221007125806.0
006 a|||||r|||| 00| 0
007 ta
008 221006b |||||||| |||| 00| 0 eng d
020 _a9781405179225 (pbk)
037 _b360, 28/02/2008, Ashutosh Technical Books
_cTextual
040 _aDGL
_cDGL
_beng
041 _2eng
_aeng
082 _aH4202, P7 Carg
100 _aNichols Gary
_9722475
245 0 _aSedimentary processes, environments and basins
_b a tribute to peter Friend Paola Chris
260 _aAustralia
_bBlackwell Publishing
_c2007
300 _avi, 636p.
_ccm.
490 _aSpecial publication of the international association of sedimentologists; 38
500 _aIncludes bibliographical references.; Index 613-636p.
650 _a Earth science-geology
_9722476
650 _a Environmental geology
_9722477
650 _a Sedimentary basins
_9722478
650 _a Sedimentation and deposition
_9722479
650 _aGeology
700 _a Paola Chris
_9722480
700 _a Williams Ed
_9722481
942 _hH4202, P7 Carg
_cTEXL
_2CC
999 _c1215831
_d1215831